Wiedza ogólna - prawda czy fałsz? #6 - Statystyki

Ogólne statystyki
  • Ten quiz został rozwiązany 2 569 razy
  • Średni wynik to 11 z 15
Statystyki odpowiedzi
Zagadnienie Odpowiedź % Poprawnych
Szynszyla to rodzaj psa Fałsz
97%
Wśród osób powyżej 100. roku życia liczba kobiet przewyższa liczbę mężczyzn Prawda
94%
Jeśli pomnożysz liczbę ujemną przez liczbę ujemną, odpowiedź będzie dodatnia Prawda
90%
W Hiszpanii jest miasto o nazwie Toledo Prawda
86%
Typowy fortepian ma taką samą liczbę klawiszy białych i czarnych Fałsz
85%
Istnieją części Księżyca, których ludzie nie widzieli aż do czasów współczesnych Prawda
83%
Brad Pitt ma identycznego bliźniaka Fałsz
79%
Części Brazylii rozciągają się na półkulę wschodnią Fałsz
76%
W większości państw filatelistyka jest przestępstwem Fałsz
74%
„Casablanca” to film czarno-biały Prawda
73%
Ksiądz jest osobą świecką Fałsz
71%
Muzułmanie wierzą, że Jezus był ważnym prorokiem Prawda
71%
W „Legend of Zelda” Zelda jest chłopcem Fałsz
63%
Ludzie mają więcej mięśni niż kości Prawda
59%
Złoto nie jest wcale takie rzadkie – stanowi około 0,1% skorupy ziemskiej Fałsz
36%
Nie znaleziono quizów pasujących do podanych kryteriów
Rozkład punktacji
Procent ludzi z każdym wynikiem
Percentyl według liczby udzielonych odpowiedzi
Twoja historia wyników
Nie rozwiązałeś tego quizu